[Event "7th Balagne Open"]
[Site "Calvi FRA"]
[Date "2010.04.29"]
[Round "7"]
[White "Cristofari,A"]
[Black "Bruno,Fabi"]
[Result "0-1"]
[WhiteElo "2109"]
[BlackElo "2470"]

1.e4 c5 2.Nf3 e6 3.d4 cxd4 4.Nxd4 a6 5.Bd3 Qc7 6.Qe2 d6 7.O-O Nf6 8.c4 Nbd7
9.Nc3 Ne5 10.h3 Bd7 11.Nf3 Rc8 12.b3 Be7 13.Bf4 O-O 14.Rac1 Rfd8 15.Rfd1 Be8
16.Bb1 Qb8 17.Bg3 b5 18.Nxe5 dxe5 19.Rxd8 Rxd8 20.Bd3 b4 21.Nb1 Bc5 22.Rd1 Nd7
23.Kh1 a5 24.Bc2 Qb6 25.Nd2 f6 26.Nf3 Bh5 27.Rd2 Bd4 28.Bh2 Bc3 29.Rd1 Nc5
30.g4 Rxd1+ 31.Qxd1 Bg6 32.Qe2 Qc6 33.Nd2 Bxd2 34.Qxd2 Bxe4+ 35.Bxe4 Qxe4+
36.Kg1 Qd3 37.Qxd3 Nxd3 38.Kf1 Kf7 39.Ke2 Nc1+ 40.Kd2 Nxa2 41.f4 exf4 42.Bxf4 e5
43.Be3 Nc3 44.Bb6 a4 45.Kc2 Ke6 46.Ba5 axb3+ 47.Kxb3 Ne2 48.h4 Nd4+ 49.Ka4 b3
50.Bc3 Kd6 51.Kb4 g6 52.Bb2 h5 53.gxh5 gxh5 54.c5+ Kc6 55.Kc4 Ne6 56.Kxb3 Kxc5
57.Kc3 Kd5 58.Ba3 Ke4 59.Kd2 f5 60.Ke2 Nd4+ 61.Kf2 f4 62.Bd6 Nf5  0-1

[Event "2nd Milko Bobotsov Mem"]
[Site "Sofia BUL"]
[Date "2010.05.01"]
[Round "2"]
[White "Nikolov,O"]
[Black "Spassov,L"]
[Result "0-1"]
[WhiteElo "1920"]
[BlackElo "2418"]

1.e4 c5 2.Nf3 e6 3.d4 cxd4 4.Nxd4 a6 5.Bd3 Bc5 6.Nb3 Be7 7.O-O d6 8.Nd4 Nf6
9.c4 b6 10.Nc3 O-O 11.b3 Bb7 12.Qe2 Nbd7 13.Bb2 Re8 14.Rad1 Qc7 15.Rc1 Bf8
16.Bb1 Rac8 17.Qd3 Nc5 18.Qf3 Qb8 19.Rfe1 Qa8 20.Re3 Ncd7 21.Qe2 g6 22.Re1 Bg7
23.f4 Nh5 24.Nf3 Nxf4 25.Qd2 Qb8 26.Nd1 Bxb2 27.Nxb2 Red8 28.Rf1 e5 29.Nd3 Ne6
30.Nb4 a5 31.Nd5 Bxd5 32.exd5 Nf4 33.g3 Nh5 34.Ng5 Rf8 35.Ref3 f6 36.Ne6 Rf7
37.Qh6 b5 38.Ng5 Qa7+ 39.Kh1 Rg7 40.Ne6 Re7 41.Bxg6 hxg6 42.Qxg6+ Ng7 43.Rf5 Nf8
44.Nxf8 Rxf8 45.Rh5 bxc4 46.bxc4 Qe3 47.h4 Qe2 48.Rff5 Rb7 49.Qh7+ Kf7 50.Rxf6+ Kxf6
51.Rh6+ Ke7 52.Qxg7+ Rf7 53.Re6+ Kd8 54.Qg8+ Kc7 55.Qxf7+ Kb8 56.Qf8+ Ka7
57.Qf5 e4 58.Rxe4 Rb1+  0-1

[Event "ch-CZE"]
[Site "Ostrava CZE"]
[Date "2010.05.06"]
[Round "6"]
[White "Kanovsky,D"]
[Black "Zpevak,P"]
[Result "1-0"]
[WhiteElo "2489"]
[BlackElo "2401"]

1.e4 c5 2.Nf3 e6 3.d4 cxd4 4.Nxd4 a6 5.Bd3 Nf6 6.O-O d6 7.Qe2 g6 8.c4 Bg7
9.Nc3 O-O 10.Rd1 Qc7 11.Nf3 Nc6 12.h3 Nd7 13.Bf4 Nde5 14.Rac1 b6 15.Qe3 Nxf3+
16.Qxf3 Ne5 17.Qe3 Bb7 18.b3 Rab8 19.Be2 Rfe8 20.Qd2 Bf8 21.Bg5 Nd7 22.Bf1 Rbc8
23.Bf4 Ne5 24.Be3 Nd7 25.f3 Qb8 26.Qf2 Bc6 27.Rc2 Qb7 28.Rdc1 Qb8 29.Kh1 Nc5
30.Bd4 Nd7 31.b4 Bh6 32.Be3 Bf8 33.a3 Rcd8 34.Rd2 Rc8 35.Rdc2 Rcd8 36.Bg5 Rc8
37.Qh4 Bb7 38.Bh6 Be7 39.Qf2 Bc6 40.f4 Bf6 41.Bd3 Bh8 42.Qe3 Rcd8 43.Ne2 Bb7
44.Ng3 Qc7 45.Be2 a5 46.Rd2 axb4 47.axb4 Nb8 48.Rcd1 Nc6 49.b5 Ne7 50.Qa3 Nc8
51.Bg5 f6 52.Bh6 Qc5 53.Qxc5 bxc5 54.f5 exf5 55.exf5 g5 56.Bf3 Bxf3 57.gxf3 Re3
58.Kg2 Rc3 59.Ne4 Rxc4 60.Nxd6 Nxd6 61.Rxd6 Re8 62.Rd8 Rc2+ 63.Kg3 Re2 64.b6 Kf7
65.b7 Rb2 66.R1d7+  1-0

[Event "ch-UKR"]
[Site "Alushta UKR"]
[Date "2010.05.08"]
[Round "6"]
[White "Strygin,A"]
[Black "Kalinina,M"]
[Result "1-0"]
[WhiteElo "2261"]
[BlackElo "1979"]

1.e4 c5 2.Nf3 e6 3.d4 cxd4 4.Nxd4 a6 5.Bd3 Nf6 6.O-O Qc7 7.Nc3 Bc5 8.Be3 b5
9.Re1 O-O 10.Qf3 Bb7 11.Rad1 Kh8 12.a3 d5 13.exd5 Nxd5 14.Nxd5 Bxd5 15.Qh3 g6
16.Qh4 Nd7 17.Bh6 Rfe8 18.Ne2 Be7 19.Bg5 Bxg5 20.Qxg5 Qe5 21.Qxe5+ Nxe5 22.Nc3 Nxd3
23.Rxd3 Bc4 24.Rd7 e5 25.f3 h5 26.Kf2 Red8 27.Red1 Rdc8 28.R1d2 a5 29.Nd5 Rd8
30.Nb6 Rxd7 31.Rxd7 Rb8 32.Nd5 b4 33.axb4 axb4 34.Ke3 b3 35.Kd2 Kg7 36.Ne3 Be6
37.Rc7 Rb4 38.c4 h4 39.Ra7 Rb8 40.Kc3 h3 41.g3 Rd8 42.Ra5 f6 43.Nd5 f5 44.Nc7 Bxc4
45.Kxc4 Rd2 46.Kxb3 Rxh2 47.Rxe5 Rf2 48.f4 Rf3+ 49.Kc4 Rxg3 50.Re1 h2 51.Rh1 Rg1
52.Rxh2 Rc1+ 53.Kd5 Rxc7 54.b4 Rd7+ 55.Kc5 Rd1 56.Rc2 Rf1 57.Rc4 g5 58.fxg5 f4
59.b5 f3 60.b6 Rb1 61.Rf4 Rb3 62.Rf6 Rc3+ 63.Kd6 Rd3+ 64.Kc7 Rc3+ 65.Kb8 Rb3
66.b7 Rc3 67.Rb6 f2 68.Rb1 Rf3 69.Kc7 Rf7+ 70.Kc6 Rf8 71.Rf1 Kg6 72.Kc7 Rf7+
73.Kb6 Rf8 74.Ka7 Kxg5 75.b8=Q Rf7+ 76.Kb6 Rf6+ 77.Ka5 Kg4 78.Qh2  1-0

[Event "ch-Commonwealth"]
[Site "Delhi IND"]
[Date "2010.05.10"]
[Round "1"]
[White "Michelle Catherina,P"]
[Black "Kunte,A"]
[Result "0-1"]
[WhiteElo "1911"]
[BlackElo "2523"]

1.e4 c5 2.Nf3 e6 3.d4 cxd4 4.Nxd4 a6 5.Bd3 Nf6 6.e5 Qa5+ 7.Nc3 Qxe5+ 8.Nde2 Qc7
9.Bf4 Bd6 10.Bxd6 Qxd6 11.O-O Qc7 12.Ng3 d5 13.Re1 O-O 14.Nh5 Nxh5 15.Qxh5 f5
16.g4 g6 17.Qh4 Qf4 18.h3 fxg4 19.hxg4 Nc6 20.Ne2 Qf3 21.Qg3 Qxg3+ 22.Nxg3 e5
23.g5 Nd4 24.Kg2 e4 25.c3 Nf3 26.Re3 Nh4+  0-1

[Event "ch-Commonwealth"]
[Site "Delhi IND"]
[Date "2010.05.10"]
[Round "2"]
[White "Karma,P"]
[Black "Debashis,D"]
[Result "0-1"]
[WhiteElo "2134"]
[BlackElo "2400"]

1.e4 c5 2.Nf3 e6 3.d4 cxd4 4.Nxd4 a6 5.Bd3 Bc5 6.Nb3 Be7 7.Qg4 g6 8.Qe2 d6
9.O-O Nd7 10.a4 b6 11.Na3 Ne5 12.Nc4 Nxc4 13.Bxc4 Qc7 14.Bd2 Nf6 15.Bc3 e5
16.Rfd1 O-O 17.Nd2 Bb7 18.f3 Nh5 19.Bb3 Nf4 20.Qe1 Kh8 21.Nc4 f5 22.a5 fxe4
23.fxe4 b5 24.Nb6 Rad8 25.Bd5 Bxd5 26.Nxd5 Qc5+ 27.Kh1 Nxd5 28.Rxd5 Qf2 29.Bb4 Qxc2
30.Rad1 Qxb2 31.h3 Qf2 32.Qxf2 Rxf2 33.Bxd6 Bxd6 34.Rxd6 Rf1+ 35.Rxf1 Rxd6
36.Rf7 Rd1+ 37.Kh2 Ra1 38.Kg3 Rxa5 39.Kg4 Ra4 40.Kg5 Rxe4 41.g4 Kg8 42.Ra7 Rf4
43.Rxa6 Kg7 44.Rb6 h6+ 45.Kh4 Rf3 46.Rb7+ Kf6 47.Rb6+ Kf7 48.Rb7+ Ke6 49.Rb6+ Kd5
50.Rxb5+ Kd4 51.Rb4+ Kc5 52.Re4 g5+ 53.Kh5 Rxh3+ 54.Kg6 Kd5 55.Re1 e4 56.Kf5 Rf3+
57.Kg6 Ke5 58.Kxh6 Kf4 59.Kh5 e3 60.Kg6 Kxg4  0-1

[Event "ch-UKR"]
[Site "Alushta UKR"]
[Date "2010.05.11"]
[Round "9"]
[White "Kalinina,M"]
[Black "Kalinina,O"]
[Result "0-1"]
[WhiteElo "1979"]
[BlackElo "2254"]

1.e4 c5 2.Nf3 e6 3.d4 cxd4 4.Nxd4 a6 5.Bd3 g6 6.O-O Bg7 7.Ne2 d6 8.c4 Nf6
9.Nbc3 O-O 10.Kh1 b6 11.f4 Nbd7 12.Qe1 Bb7 13.Ng1 Qc7 14.Nf3 Rfe8 15.Be3 e5
16.fxe5 Nxe5 17.Nxe5 Rxe5 18.Bd4 Re6 19.Qh4 Qe7 20.Rae1 Re8 21.Qf4 Nh5 22.Qf2 Bxd4
23.Qxd4 Qh4 24.Re3 Rf6 25.Rfe1 Re5 26.Bf1 Ng3+ 27.Kg1 Nf5 28.Qxb6 Nxe3 29.g3 Rxf1+
30.Rxf1 Qg5 31.Rf4 Re7 32.Qxe3 Qe5 33.Qd3 Qc5+ 34.Kf1 Kg7 35.Nd5 Bxd5 36.Qxd5 Qb6
37.b3 h5 38.Rf3 Qc7 39.Qd4+ Kg8 40.b4 Qb7 41.Qd5 Qxb4 42.Rb3 Qa4 43.Rb8+ Kg7
44.Qd4+ Re5 45.Rb6 Qxa2 46.c5 Qxh2 47.cxd6 Qh1+ 48.Kf2 Qxe4 49.Qxe4 Rxe4
50.Rxa6 Kf6 51.Kf3 Rd4 52.Ke3 Rd1 53.Ke4 Ke6 54.d7+ Kxd7 55.Ke5 Ke7 56.Ra7+ Kf8
57.Kf6 Rf1+ 58.Kg5 Kg7 59.Rb7 Rf5+ 60.Kh4 Kh6 61.Rb8 Ra5 62.Rh8+ Kg7 63.Rb8 Ra4+
64.Kh3 Kh6 65.Rb7 f5 66.Rb3 Kg5 67.Rc3 h4 68.gxh4+ Rxh4+ 69.Kg3 f4+ 70.Kg2 Kg4
71.Ra3 Rh8 72.Rb3 Ra8 73.Rb2 g5 74.Rc2 Ra3  0-1

[Event "ch-Commonwealth"]
[Site "Delhi IND"]
[Date "2010.05.11"]
[Round "3"]
[White "Prince,Ba"]
[Black "Kunte,A"]
[Result "1/2-1/2"]
[WhiteElo "2180"]
[BlackElo "2523"]

1.e4 c5 2.Nf3 e6 3.d4 cxd4 4.Nxd4 a6 5.Bd3 g6 6.Nc3 Bg7 7.Nb3 d6 8.O-O Nf6
9.Be3 O-O 10.a4 b6 11.a5 b5 12.Bb6 Qe7 13.e5 dxe5 14.Bc5 Qc7 15.Bxf8 Kxf8
16.Be4 Ra7 17.Bf3 Nbd7 18.Qd2 Kg8 19.Rad1 Bf8 20.Qe3 Qb8 21.Bc6 Ng4 22.Qg3 f5
23.Ne4 Be7 24.h3 Ngf6 25.Nxf6+ Nxf6 26.Rfe1 Qc7 27.Qe3 Kf7 28.Qb6 Bd7 29.Qxc7 Rxc7
30.Bxd7 Nxd7 31.c3 e4 32.f3 exf3 33.gxf3 Kf6 34.Kg2 g5 35.Re2 Nf8 36.Rde1 Bd6
37.Rd1 Be5 38.Rde1 Ng6 39.Kf1 Rc6 40.Nc1 Bg3 41.Rd1 Bc7 42.Nd3 Bxa5 43.Ra1 Rd6
44.Nc5 Bc7 45.Rxa6 Nf4  1/2-1/2

[Event "TCh-UKR Clubs"]
[Site "Alushta UKR"]
[Date "2010.05.13"]
[Round "1"]
[White "Chulivska,V"]
[Black "Luzhinsky,V"]
[Result "0-1"]
[WhiteElo "2265"]
[BlackElo "2372"]

1.e4 c5 2.Nf3 e6 3.d4 cxd4 4.Nxd4 a6 5.Bd3 Qc7 6.Nc3 Nf6 7.O-O b5 8.a3 Bc5
9.Nb3 Be7 10.f4 d6 11.e5 Nfd7 12.exd6 Qxd6 13.Qf3 Nc6 14.Bxb5 Bb7 15.Bd3 Qc7
16.Qh3 g6 17.Be3 Nf6 18.Rae1 Rd8 19.Nc5 Nd4 20.Nxa6 Bxa6 21.Bxd4 Bxd3 22.Qxd3 Rxd4
23.Nb5 Rxd3 24.Nxc7+ Kd7 25.cxd3 Kxc7 26.b4 Ra8 27.Ra1 Nd5 28.Rfc1+ Kb7 29.Rc4 Bf6
30.Ra2 Nc3 31.Rc2 Rxa3 32.g3 Nd5 33.Rc8 Bd4+ 34.Kh1 Bc3 35.R2xc3 Rxc3  0-1

[Event "ch-Commonwealth"]
[Site "Delhi IND"]
[Date "2010.05.13"]
[Round "6"]
[White "Nitin,S"]
[Black "Kunte,A"]
[Result "1/2-1/2"]
[WhiteElo "2363"]
[BlackElo "2523"]

1.e4 c5 2.Nf3 e6 3.d4 cxd4 4.Nxd4 a6 5.Bd3 Nf6 6.O-O Qc7 7.c4 Nc6 8.Nxc6 dxc6
9.f4 e5 10.f5 Bc5+ 11.Kh1 h5 12.Qe2 Ng4 13.Nc3 Qd8 14.Na4 Bd4 15.h3 b5 16.Nc3 Qh4
17.Rf3 Bb7 18.Bd2 Rd8 19.Be1 Qf6 20.a3 Kf8 21.Rd1 Ke8 22.Ra1 Kf8 23.Rd1 Ke8
24.Ra1 Kf8  1/2-1/2

[Event "ch-Commonwealth"]
[Site "Delhi IND"]
[Date "2010.05.15"]
[Round "8"]
[White "Singh,Gurp"]
[Black "Debashis,D"]
[Result "1-0"]
[WhiteElo "2287"]
[BlackElo "2400"]

1.e4 c5 2.Nf3 e6 3.d4 cxd4 4.Nxd4 a6 5.Bd3 Bc5 6.Nb3 Be7 7.Qg4 g6 8.Qe2 d6
9.O-O Nd7 10.Na3 Ne5 11.Nc4 Nxc4 12.Bxc4 Qc7 13.Kh1 b6 14.f4 Nf6 15.e5 Nd7
16.exd6 Bxd6 17.Bd5 Rb8 18.f5 gxf5 19.Bxe6 fxe6 20.Qxe6+ Be7 21.Bf4 Qb7 22.Rae1 Nc5
23.Qe2 Ne4 24.Qh5+ Kd8 25.Rd1+ Bd7 26.Bxb8 Nf6 27.Rxd7+ Qxd7 28.Qxf5 Qxf5
29.Rxf5 Kd7 30.Be5 Re8 31.h3 Ne4 32.Kh2 Nd6 33.Rh5 Nc4 34.Bf4 Rf8 35.g3 Rf7
36.Rh6 Bd6 37.Bxd6 Nxd6 38.Kg1 Nc4 39.Nd4 Ne3 40.g4 Kc7 41.Ne6+ Kc8 42.Ng5  1-0

[Event "ch-HUN w"]
[Site "Nagykanizsa HUN"]
[Date "2010.05.15"]
[Round "2"]
[White "Rudolf,An"]
[Black "Schneider,Ve"]
[Result "1-0"]
[WhiteElo "2344"]
[BlackElo "2339"]

1.e4 c5 2.Nf3 e6 3.d4 cxd4 4.Nxd4 a6 5.Bd3 Nf6 6.O-O Qc7 7.Qe2 d6 8.c4 g6
9.Nc3 Bg7 10.Nf3 Nc6 11.Bf4 Nh5 12.Bg5 Bxc3 13.bxc3 f6 14.Be3 O-O 15.Nd2 e5
16.g3 Bh3 17.Rfb1 Ng7 18.c5 dxc5 19.Bxc5 Ne7 20.Bb6 Qc6 21.Qe3 Rac8 22.Ba5 Be6
23.Rb6 Qd7 24.Nb3 Rfd8 25.Rd1 Qa4 26.Rb4 Qxa2 27.Bxd8 Rxd8 28.Nc5 b5 29.Rbb1 Qa3
30.Nxe6 Nxe6 31.Qb6 Rd6 32.Ra1 Rxb6 33.Rxa3 Nc5 34.Bb1 Kf7 35.f3 Ke8 36.Ba2 Rc6
37.Rd2 Nd7 38.Bf7+ Kd8 39.Ra1 Kc8 40.Be8 Rc7 41.Bxd7+ Rxd7 42.Rxd7 Kxd7 43.Rxa6 Nc8
44.Rxf6 Nd6 45.g4  1-0

[Event "4th All China Games Rapid"]
[Site "Hefei CHN"]
[Date "2010.05.17"]
[Round "2"]
[White "Yu Yangyi"]
[Black "Lin Chen"]
[Result "1-0"]
[WhiteElo "2510"]
[BlackElo "2442"]

1.e4 c5 2.Nf3 e6 3.d4 cxd4 4.Nxd4 a6 5.Bd3 Nc6 6.Nxc6 dxc6 7.Nd2 e5 8.Nc4 Nf6
9.O-O Bg4 10.Qe1 Nd7 11.f4 Be6 12.Kh1 Qc7 13.fxe5 Bxc4 14.Bxc4 Nxe5 15.Bf4 f6
16.Be6 Bd6 17.Qg3 Qe7 18.Qb3 Rd8 19.Rad1 b5 20.Bxe5 Bxe5 21.Bf7+ Kf8 22.Rxd8+ Qxd8
23.Qe6 Bxb2 24.e5 Qe7 25.Qc8+ Kxf7 26.Qxh8 Bxe5 27.Qxh7 Qe6 28.Qe4 c5 29.a4 b4
30.Re1 Kg8 31.Rd1 c4 32.Qa8+ Kh7 33.Qe4+ Kg8 34.Rd8+ Kf7 35.Qb7+ Kg6 36.Qc8 Qf5
37.Qxf5+ Kxf5 38.Ra8 Ke4 39.Rxa6 Kd4 40.a5 Bc7 41.Ra7 Bf4 42.a6 b3 43.cxb3 c3
44.Ra8 Bd6 45.Rc8 Bc5 46.b4 Bb6 47.Rc6 Ba7 48.Rc7  1-0

[Event "TCh-UKR Clubs"]
[Site "Alushta UKR"]
[Date "2010.05.18"]
[Round "9"]
[White "Kostromin,M"]
[Black "Zubov,A UKR"]
[Result "1/2-1/2"]
[WhiteElo "2371"]
[BlackElo "2586"]

1.e4 c5 2.Nf3 e6 3.d4 cxd4 4.Nxd4 a6 5.Bd3 Bc5 6.Nb3 Be7 7.O-O d6 8.Qg4 g6
9.Qe2 Qc7 10.a4 Nc6 11.Na3 Nf6 12.Bh6 e5 13.Bg7 Rg8 14.Bxf6 Bxf6 15.Nc4 Be6
16.a5 Rd8 17.Ne3 Bg5 18.Bc4 Bxe3 19.Bxe6 fxe6 20.Qxe3 Kf8 21.Rfd1 Kg7 22.Rd3 d5
23.c3 Rd6 24.Qc5 Rgd8 25.Rad1 Qf7 26.f3 Kg8  1/2-1/2

[Event "Campomanes Mem WIM"]
[Site "Ankara TUR"]
[Date "2010.05.18"]
[Round "3"]
[White "Bensdorp,L"]
[Black "Arig,B"]
[Result "1-0"]
[WhiteElo "2119"]
[BlackElo "1778"]

1.e4 c5 2.Nf3 e6 3.d4 cxd4 4.Nxd4 a6 5.Bd3 Qc7 6.O-O Nf6 7.Qe2 d6 8.c4 b6
9.Nc3 Bb7 10.f4 Nbd7 11.f5 Nc5 12.fxe6 fxe6 13.Bc2 Qe7 14.Bg5 h6 15.Bxf6 gxf6
16.b4 Nd7 17.Ba4 Bg7 18.Qh5+ Kd8 19.Rad1 Ne5 20.Qh3 Bc8 21.c5 b5 22.Bb3 Ke8
23.cxd6 Qxd6 24.Bxe6 Bxe6 25.Nxe6 Qb6+ 26.Kh1 Qa7 27.Qh5+  1-0

[Event "4th All China Games Rapid"]
[Site "Hefei CHN"]
[Date "2010.05.18"]
[Round "5"]
[White "Ma Qun"]
[Black "Ding Liren"]
[Result "1-0"]
[WhiteElo "2366"]
[BlackElo "2547"]

1.e4 c5 2.Nf3 e6 3.d4 cxd4 4.Nxd4 a6 5.Bd3 Bc5 6.Nb3 Be7 7.Qg4 g6 8.Qe2 d6
9.a4 Nd7 10.a5 Ne5 11.Be3 Bd7 12.Bb6 Qb8 13.Nc3 Nxd3+ 14.cxd3 Nf6 15.O-O O-O
16.f4 e5 17.d4 exf4 18.Rxf4 Nh5 19.Rf2 Bh4 20.g3 Bd8 21.Qe3 Ng7 22.Rd1 Be6
23.d5 Bg4 24.Rdd2 Bxb6 25.axb6 a5 26.Nb5 a4 27.N3d4 Ne8 28.Rc2 Bd7 29.Nc7 Ra5
30.Nde6 fxe6 31.Rxf8+ Kxf8 32.Rf2+ Kg8 33.Qf4 Nxc7 34.Qf7+ Kh8 35.bxc7 Qc8
36.Qe7  1-0

[Event "4th All China Games Rapid"]
[Site "Hefei CHN"]
[Date "2010.05.19"]
[Round "7"]
[White "Gu Xiaobing"]
[Black "Zhang Jilin"]
[Result "1-0"]
[WhiteElo "2361"]
[BlackElo "2280"]

1.e4 c5 2.Nf3 e6 3.d4 cxd4 4.Nxd4 a6 5.Bd3 Nf6 6.O-O d6 7.Nc3 Qc7 8.a4 b6
9.f4 Bb7 10.Kh1 Be7 11.Qe1 O-O 12.e5 Nfd7 13.Nf3 Nc6 14.exd6 Bxd6 15.Qh4 h6
16.f5 Nde5 17.f6 Ng6 18.Bxg6 fxg6 19.fxg7 Rf5 20.Ne4 Be5 21.Bxh6 Bxg7 22.Bxg7 Qxg7
23.Nd6 Rff8 24.Qe4 Nd8 25.Nxb7 Qxb7 26.Qxg6+ Qg7 27.Qe4  1-0

[Event "4th All China Games Rapid"]
[Site "Hefei CHN"]
[Date "2010.05.20"]
[Round "10"]
[White "Liu Qingnan"]
[Black "Yu Yangyi"]
[Result "0-1"]
[WhiteElo "2438"]
[BlackElo "2585"]

1.e4 c5 2.Nf3 e6 3.d4 cxd4 4.Nxd4 a6 5.Bd3 Nf6 6.O-O d6 7.c4 g6 8.Nc3 Bg7
9.Be3 O-O 10.h3 Qc7 11.Qe2 Nbd7 12.Rac1 b6 13.b4 Bb7 14.f4 Rfe8 15.Qf2 Rac8
16.Nb3 Qb8 17.Bd4 Re7 18.Qh4 Rce8 19.f5 Rf8 20.c5 bxc5 21.bxc5 dxc5 22.Nxc5 Ng4
23.e5 Nxc5 24.Qxe7 Nxd3 25.fxe6 Ndxe5  0-1

[Event "Campomanes Mem IM"]
[Site "Ankara TUR"]
[Date "2010.05.21"]
[Round "10"]
[White "Genova,Ly"]
[Black "Ali Marandi,C"]
[Result "0-1"]
[WhiteElo "2293"]
[BlackElo "2105"]

1.e4 c5 2.Nf3 e6 3.d4 cxd4 4.Nxd4 a6 5.Bd3 Nf6 6.c4 d6 7.Nc3 Be7 8.O-O Nbd7
9.b3 Qc7 10.Bb2 b6 11.Qe2 Bb7 12.Rae1 O-O 13.Kh1 Rfd8 14.f4 Bf8 15.f5 e5
16.Nc2 Bc6 17.Nb4 Qb7 18.g4 Nc5 19.Bb1 Rab8 20.g5 Ne8 21.Qh5 f6 22.Ncd5 Bxd5
23.Nxd5 fxg5 24.Qxg5 Nd7 25.Rg1 Kh8 26.Re3 Ndf6 27.Reg3 Qf7 28.Bd3 b5 29.Qe3 Rdc8
30.Bc1 Nxd5 31.cxd5 Be7 32.Qe2 Rc7 33.Qg2 Rbc8 34.Bd2 Bf6 35.Rh3 Rd7 36.Be2 Rc2
37.Bh5 Qf8 38.Bg6 h6 39.Qe2 Nc7 40.Qd1 Rxa2 41.Be3 b4 42.Qc1 Nb5 43.Bxh6 gxh6
44.Rxh6+ Kg8 45.Bh7+ Kf7 46.Rxf6+ Kxf6 47.Qg5+ Kf7 48.Qg6+ Ke7 49.Qe6+ Kd8
50.Rg8 Ra1+ 51.Kg2 Rg7+ 52.Rxg7 Qxg7+ 53.Bg6 Qf8 54.f6 Nd4 55.Qg4 Qxf6 56.Bf5 Ra2+
57.Kg1 Nxf5 58.exf5 e4 59.Qg8+ Kc7  0-1

[Event "34th Open"]
[Site "Fourmies FRA"]
[Date "2010.05.23"]
[Round "5"]
[White "Kienitz,A"]
[Black "David,Alb"]
[Result "0-1"]
[WhiteElo "2166"]
[BlackElo "2631"]

1.e4 c5 2.Nf3 e6 3.d4 cxd4 4.Nxd4 a6 5.Bd3 Bc5 6.Nb3 Be7 7.c4 d6 8.Nc3 b6
9.O-O Nf6 10.Qe2 Nbd7 11.f4 Bb7 12.e5 dxe5 13.fxe5 Nxe5 14.Qxe5 Qxd3 15.Qc7 Qd7
16.Qxb6 Rc8 17.Rd1 Qc6 18.Qxc6+ Bxc6 19.Be3 Ba8 20.Nd2 O-O 21.Na4 Ng4 22.Bb6 Bc6
23.h3 Bxa4 24.b3 Ne5 25.bxa4 Bb4 26.Bd4 Bxd2 27.Bxe5 Be3+ 28.Kh1 Rxc4 29.Rd7 Rxa4
30.Rb1 Rxa2 31.Bd6 Rd2 32.Rbb7 Rd1+ 33.Kh2 Rxd6  0-1

[Event "Municipality Cup"]
[Site "Tbilisi GEO"]
[Date "2010.05.23"]
[Round "9"]
[White "Shengelia,N"]
[Black "Muzychuk,A"]
[Result "0-1"]
[WhiteElo "1886"]
[BlackElo "2529"]

1.e4 c5 2.Nf3 e6 3.d4 cxd4 4.Nxd4 a6 5.Bd3 Ne7 6.O-O Nbc6 7.Nxc6 Nxc6 8.c4 Bc5
9.Nc3 d6 10.Kh1 e5 11.Qe1 Be6 12.a3 Rc8 13.f4 exf4 14.Bxf4 Ne5 15.Bxe5 dxe5
16.Nd5 O-O 17.Rc1 a5 18.Rc2 Bd4 19.Qg3 Kh8 20.b4 axb4 21.axb4 Ra8 22.Be2 f5
23.exf5 Bxf5 24.Rcc1 b5 25.Qb3 bxc4 26.Bxc4 Qg5 27.Nc7 Rac8 28.Be6 Be4 29.Qh3 Rf2
30.Bg4 Rxc7  0-1

[Event "2nd Kahraman Olgac Mem"]
[Site "Instanbul TUR"]
[Date "2010.05.24"]
[Round "1"]
[White "Yilmaz,M"]
[Black "Strikovic,A"]
[Result "1-0"]
[WhiteElo "2476"]
[BlackElo "2557"]

1.e4 c5 2.Nf3 e6 3.d4 cxd4 4.Nxd4 a6 5.Bd3 Nf6 6.O-O d6 7.c4 b6 8.Nc3 Bb7
9.Qe2 Nbd7 10.f4 g6 11.Nf3 Bg7 12.Be3 O-O 13.Kh1 Nc5 14.Nd2 Rc8 15.Bc2 d5
16.Rad1 Qc7 17.cxd5 exd5 18.e5 Nfe4 19.Ndxe4 Nxe4 20.Bd4 f6 21.Bb3 Nxc3 22.Bxc3 fxe5
23.fxe5 Rxf1+ 24.Rxf1 Re8 25.Rd1 Qd7 26.h3 Kh8 27.Bd4 a5 28.Rf1 h5 29.Bc2 Re6
30.Bd3 Bc6 31.b3 Qe7 32.Rf3 Bd7 33.Rg3 Be8 34.Re3 Qb4 35.Qb2 Kh7 36.a3 Qe7
37.Re2 Qh4 38.b4 axb4 39.axb4 Qf4 40.Rf2 Qg5 41.Re2 Qf4 42.Re1 Re7 43.b5 Bd7
44.Qf2 Qg5 45.Re3 Be8 46.Qe1 Re6 47.Qg3 Qe7 48.Qf3 Bh6 49.Re2 Qf7 50.Qxd5 Bd7
51.Rf2 Qe8 52.Qf3 Kh8 53.Bc4 Bxb5 54.Bxe6 Qxe6 55.Qa8+ Kh7 56.Qb7+ Bg7 57.Rf7  1-0

[Event "XXIX Open A"]
[Site "Zalakaros HUN"]
[Date "2010.05.29"]
[Round "4"]
[White "Makk,R"]
[Black "Greeff,M"]
[Result "1/2-1/2"]
[WhiteElo "2222"]
[BlackElo "2075"]

1.e4 c5 2.Nf3 e6 3.d4 cxd4 4.Nxd4 a6 5.Bd3 Nc6 6.Nxc6 dxc6 7.O-O e5 8.Nd2 Nf6
9.Nc4 Qc7 10.Bg5 Be7 11.f4 Bc5+ 12.Kh1 Ng4 13.Be2 Ne3 14.Nxe3 Bxe3 15.Bc4 O-O
16.Qf3 Bxf4 17.Bxf4 exf4 18.Qxf4 Qxf4 19.Rxf4 Be6 20.Bd3 Rad8 21.b3 Rd4 22.Raf1 a5
23.Kg1 a4 24.e5 Rfd8 25.Rxd4 Rxd4 26.Rf3 g6 27.Kf2 Kf8 28.Re3 axb3 29.axb3 Ke7
30.h3 c5 31.Ke2 h5 32.Ke1 Rd8 33.Ke2 Bd5 34.Kf2 Ra8 35.g4 hxg4  1/2-1/2

[Event "XXIX Open A"]
[Site "Zalakaros HUN"]
[Date "2010.05.31"]
[Round "6"]
[White "Csonka,A1"]
[Black "Schneider,Ve"]
[Result "1-0"]
[WhiteElo "2385"]
[BlackElo "2339"]

1.e4 c5 2.Nf3 e6 3.d4 cxd4 4.Nxd4 a6 5.Bd3 Nf6 6.O-O Qc7 7.Qe2 d6 8.c4 g6
9.Nc3 Bg7 10.Rd1 O-O 11.Nf3 Nc6 12.h3 Nd7 13.Be3 Bxc3 14.bxc3 f6 15.Ne1 Nc5
16.Bxc5 dxc5 17.Nc2 Qa5 18.Qe1 Ne5 19.f4 Nxd3 20.Rxd3 b5 21.Ne3 Bb7 22.Ng4 Qc7
23.e5 Qc6 24.Qe2 f5 25.Nf6+ Rxf6 26.exf6 bxc4 27.Rd2 Qe4 28.Qf2 Rc8 29.Rad1 Qc6
30.Rd6 Qe4 31.Re1  1-0

[Event "2nd Limpedea Cup"]
[Site "Baia Sprie ROM"]
[Date "2010.06.01"]
[Round "9"]
[White "Warakomski,T"]
[Black "Manolache,M"]
[Result "1/2-1/2"]
[WhiteElo "2499"]
[BlackElo "2527"]

1.e4 c5 2.Nf3 e6 3.d4 cxd4 4.Nxd4 a6 5.Bd3 Bc5 6.Nb3 Be7 7.c4 d6 8.Nc3 Nf6
9.f4 Nc6 10.Be3 Rb8 11.O-O O-O 12.Qf3 Nb4 13.Bb1 e5 14.a3 exf4 15.Qxf4 Nc6
16.Nd5 Ne5 17.c5 Nxd5 18.exd5 Ng4 19.c6 Nxe3 20.Qxe3 bxc6 21.dxc6 Bf6 22.c7 Qxc7
23.Rxf6 Rxb3 24.Qxb3 gxf6 25.Be4 Qc5+ 26.Kh1 Be6 27.Qg3+ Kh8 28.Rd1 f5 29.Bf3 Qe5
30.b4 Rc8 31.Qf2 Rc3 32.Re1 Qf4 33.Qb2 Qd4 34.a4 Kg8 35.b5 axb5 36.axb5 Qc5
37.b6 Rb3 38.Qxb3 Bxb3 39.b7 Qc7 40.Re8+ Kg7 41.h4 Qc4 42.b8=Q Qxh4+ 43.Kg1 Qd4+
44.Kh1 Qh4+ 45.Kg1 Qd4+ 46.Kf1 Bc4+ 47.Be2 Qf4+ 48.Ke1 Qc1+ 49.Kf2 Qf4+ 50.Bf3 Qd2+
51.Re2 Qd4+ 52.Ke1 Qg1+ 53.Kd2 Qd4+ 54.Ke1  1/2-1/2

[Event "Maia Chiburdanidze Cup"]
[Site "Tbilisi GEO"]
[Date "2010.06.01"]
[Round "7"]
[White "Umudova,N"]
[Black "Galojan,L"]
[Result "0-1"]
[WhiteElo "2214"]
[BlackElo "2402"]

1.e4 c5 2.Nf3 e6 3.d4 cxd4 4.Nxd4 a6 5.Bd3 Nf6 6.O-O d6 7.c4 Nbd7 8.Nc3 b6
9.b3 Bb7 10.Qe2 Be7 11.Bb2 O-O 12.Rad1 Re8 13.Bb1 Bf8 14.Rd3 Qc7 15.Rh3 g6
16.f4 Bg7 17.Nf3 Rad8 18.Kh1 Ng4 19.Ng5 h5 20.e5 dxe5 21.Nxf7 Kxf7 22.fxe5+ Kg8
23.Bxg6 Rf8 24.Rxh5 Rxf1+ 25.Qxf1 Nf8 26.Qb1 Nxg6 27.Qxg6 Qf7 28.Qxf7+ Kxf7
29.Rg5 Bxe5 30.h3 Bxc3 31.Bxc3 Rd1+  0-1

[Event "Aberto do Brasil"]
[Site "Fortaleza BRA"]
[Date "2010.06.06"]
[Round "6"]
[White "Luz,Diego Lima"]
[Black "Cavalcanti,F"]
[Result "1-0"]
[WhiteElo "1920"]
[BlackElo "2298"]

1.e4 c5 2.Nf3 a6 3.d4 cxd4 4.Nxd4 e6 5.Bd3 d6 6.O-O Nf6 7.Qe2 Nbd7 8.c4 Qc7
9.f4 Be7 10.Nb3 b6 11.Be3 Bb7 12.Nc3 h6 13.Rac1 Nc5 14.Nxc5 bxc5 15.Bc2 Bc6
16.Rcd1 Rb8 17.b3 Nd7 18.Qd2 Rd8 19.Rf3 Nf6 20.h3 Rd7 21.Qe1 Qb7 22.Bd2 Rg8
23.Rf2 Nh5 24.g4 Nf6 25.e5 dxe5 26.fxe5 Nxg4 27.hxg4 Bh4 28.Qe3 Bxf2+ 29.Kxf2 Rd4
30.Ne2 Rxg4 31.Ba5 f5 32.exf6 Kf7 33.Rd6 Be4 34.Ng3 gxf6 35.Bxe4 Qc8 36.Ne2 R8g5
37.Qd3 f5 38.Rd7+ Kg6 39.Bf3 Rd4 40.Rxd4 cxd4 41.Qxd4 Kh7 42.Bc3 Rg8 43.Nf4 h5
44.Bxh5 Qc7 45.Qe5 Qxe5 46.Bxe5 Kh6  1-0

[Event "9th TCh-BIH Premier"]
[Site "Bihac BIH"]
[Date "2010.06.08"]
[Round "4"]
[White "Bilic,V"]
[Black "Komic,I"]
[Result "1-0"]
[WhiteElo "2267"]
[BlackElo "2234"]

1.e4 c5 2.Nf3 e6 3.d4 cxd4 4.Nxd4 a6 5.Bd3 Bc5 6.Nb3 Be7 7.O-O d6 8.Be3 Nf6
9.N1d2 Nbd7 10.a4 b6 11.a5 b5 12.f4 Bb7 13.Qf3 e5 14.c4 bxc4 15.Nxc4 d5 16.exd5 Bxd5
17.Qh3 Rb8 18.fxe5 Rxb3 19.exf6 Nxf6 20.Rad1 Qc7 21.Bb6 Qb7 22.Ne3 Be6 23.Nf5 Bxf5
24.Rxf5 g6 25.Rxf6 Bxf6 26.Re1+ Be7 27.Bxa6 Rxh3 28.Bxb7 Rb3 29.Bc6+ Kf8
30.a6 Bf6 31.a7 Kg7 32.Be8  1-0

[Event "14th Master Open"]
[Site "Voronezh RUS"]
[Date "2010.06.12"]
[Round "1"]
[White "Zolotukhin,V"]
[Black "Zubov,A UKR"]
[Result "0-1"]
[WhiteElo "2358"]
[BlackElo "2586"]

1.e4 c5 2.Nf3 e6 3.d4 cxd4 4.Nxd4 a6 5.Bd3 Bc5 6.Be3 d6 7.Nd2 Ne7 8.Qe2 Nd7
9.O-O O-O 10.f4 e5 11.N4b3 Bxe3+ 12.Qxe3 exf4 13.Rxf4 Ne5 14.Nc4 N7g6 15.Rff1 Be6
16.Nba5 Rc8 17.Qd4 Qg5 18.Kh1 Nf4 19.Rxf4 Nxc4 20.Nxc4 Qxf4 21.Rf1 Qh4 22.Nxd6 Rcd8
23.Qe5 Rd7 24.a4 Qe7 25.Nf5 Bxf5 26.Qxf5 Rc7 27.b3 Rc5 28.Qf2 Re5 29.Qb6 g6
30.h3 Kg7 31.Qd4 Rd8 32.Qc3 Rd6 33.Bc4 Rf6 34.Rxf6 Qxf6 35.Bd5 Re7 36.Qb4 b6
37.a5 bxa5 38.Qxa5 Qf1+ 39.Kh2 Qf4+ 40.Kg1 Qc1+ 41.Kh2 Qxc2 42.Qxa6 Qc7+
43.Kh1 Qc1+ 44.Kh2 Qf4+ 45.Kh1 Rc7  0-1

[Event "14th Master Open"]
[Site "Voronezh RUS"]
[Date "2010.06.12"]
[Round "1"]
[White "Semenova,E"]
[Black "Airapetian,G"]
[Result "1/2-1/2"]
[WhiteElo "2162"]
[BlackElo "2429"]

1.e4 c5 2.Nf3 e6 3.d4 cxd4 4.Nxd4 a6 5.Bd3 Nf6 6.Nc3 Qc7 7.f4 d6 8.Qf3 b5
9.Be3 Bb7 10.g4 b4 11.Nce2 d5 12.e5 Nfd7 13.g5 Nc5 14.Qh3 g6 15.Qf3 Nbd7
16.O-O Be7 17.Bf2 Rg8 18.a3 bxa3 19.bxa3 Nb6 20.Rfb1 Nc4 21.Be1 h6 22.h4 hxg5
23.hxg5  1/2-1/2